الاوضاع الاقتصادية والاجتماعية فى اقليم الحجاز (1297 - 1323هـ) (1880 - 1905م) / (رقم التسجيلة. 13533)

تفاصيل مارك
000 -LEADER
fixed length control field 011680000a22002650004500
003 - CONTROL NUMBER IDENTIFIER
control field EG-GICUC
005 - DATE AND TIME OF LATEST TRANSACTION
control field 20250223025450.0
008 - FIXED-LENGTH DATA ELEMENTS--GENERAL INFORMATION
fixed length control field 080921s2001 ua f m 000 0 ara d
040 ## - CATALOGING SOURCE
Original cataloging agency EG-GICUC
Language of cataloging ara
Transcribing agency EG-GICUC
041 0# - LANGUAGE CODE
Language code of text/sound track or separate title Ara
049 ## - LOCAL HOLDINGS (OCLC)
Holding library اهداء
097 ## - Thesis Degree
Thesis Level ماجستير
099 ## - LOCAL FREE-TEXT CALL NUMBER (OCLC)
Classification number Cai01.02.03.M.A.2001.حم.ا
100 0# - MAIN ENTRY--PERSONAL NAME
Personal name حمد محمد القحطانى
245 12 - TITLE STATEMENT
Title الاوضاع الاقتصادية والاجتماعية فى اقليم الحجاز (1297 - 1323هـ) (1880 - 1905م) /
Statement of responsibility, etc. حمد محمد القحطانى ؛ اشراف عبدالرحيم عبدالرحمن عبدالرحيم
246 15 - VARYING FORM OF TITLE
Title proper/short title The econmic and socil status in the Hijaz provinge 1880 - 1905AD
260 ## - PUBLICATION, DISTRIBUTION, ETC.
Place of publication, distribution, etc. الكويت :
Name of publisher, distributor, etc. حمد محمد القحطانى :
Date of publication, distribution, etc. 2001
300 ## - PHYSICAL DESCRIPTION
Extent 214ورقة ؛
Dimensions 30سم
502 ## - DISSERTATION NOTE
Dissertation note اطروحة (ماجستير) - جامعة اتكويت - كلية الدراسات العليا - قسم التاريخ
700 0# - ADDED ENTRY--PERSONAL NAME
Personal name عبدالرحيم عبدالرحمن عبدالرحيم :
Relator term
856 ## - ELECTRONIC LOCATION AND ACCESS
Uniform Resource Identifier <a href="http://172.23.153.220/th.pdf">http://172.23.153.220/th.pdf</a>
905 ## - LOCAL DATA ELEMENT E, LDE (RLIN)
Cataloger Fatma
Reviser Cataloger
905 ## - LOCAL DATA ELEMENT E, LDE (RLIN)
Cataloger Nazla
Reviser Revisor
942 ## - ADDED ENTRY ELEMENTS (KOHA)
Source of classification or shelving scheme Dewey Decimal Classification
Koha item type Thesis
المقتنيات
Source of classification or shelving scheme Not for loan Home library Current library Date acquired Full call number Barcode Date last seen Koha item type
Dewey Decimal Classification   المكتبة المركزبة الجديدة - جامعة القاهرة قاعة الرسائل الجامعية - الدور الاول 11.02.2024 Cai01.02.03.M.A.2001.حم.ا 01010100013504000 22.09.2023 Thesis
Cairo University Libraries Portal Implemented & Customized by: Eng. M. Mohamady Contacts: new-lib@cl.cu.edu.eg | cnul@cl.cu.edu.eg
CUCL logo CNUL logo
© All rights reserved — Cairo University Libraries
CUCL logo
Implemented & Customized by: Eng. M. Mohamady Contact: new-lib@cl.cu.edu.eg © All rights reserved — New Central Library
CNUL logo
Implemented & Customized by: Eng. M. Mohamady Contact: cnul@cl.cu.edu.eg © All rights reserved — Cairo National University Library